00767nam a2200181 a 4500003000200000005001700002008004100019050003100060100003500091245009100126260009300217300004500310504004100355650004600396650005200442650005600494650003500550020250306160624.0090706s19uu xx 00 eng d aPGS HQ 759.915b.D291 2009 aDe Castro, Alyssa Gabrielle O. aThe challenges encountered by single parents of SISC /cAlyssa Gabrielle O. De Castro. aLas Piñas City, Philippines : bSouthville International School and Colleges, c2009. a24 pages : billustrations ; c28 cm.  aIncludes bibliographical references. aSingle parentszPhilippineszLas Piñas. aSingle parentsvSocial conditionszPhilippines. aSingle parentsvEconomic conditions zPhilippines.  aWork and familyzPhilippines.